000 01433cam a22004334i 4500
003 PE-LiUPU
005 20250731173055.0
008 150623s r 000 0 d
035 _a(Sirsi) a24274
040 _aPE-LiUPU
_bspa
_cPE-LiUPU
_erda
082 0 4 _a280.4
_bW97
_221
100 1 _aWylie, J. A.,
_eautor.
245 1 4 _aThe history of protestantism.
_n1 /
_cJ. A. Wylie.
264 1 _aLondon :
_bCassell Petter & Galpin,
_c[187 ].
300 _a624 páginas :
_bilustraciones,;
_c25 cm.
336 _atext
_2rdacontent
337 _aunmediated
_2rdamedia
338 _avolume
_2rdacarrier
505 0 _aThe history of protestantism.
526 _aSEG42
526 _aSEG41
526 _aSEG40
526 _aSEG39
526 _aP94
526 _aP87
526 _aP86
526 _aP85
526 _aP77
526 _aP76
526 _aP35
600 1 _aLutero, Martín.
_d1483-1546
_91490
600 1 _aHuss, Juan.
_d1370-1415
650 0 4 _aProtestantismo
_xHistoria.
942 _2ddc
_cBOOK
949 _a280.4 W97 1
_wDEWEY
_c1
_i48561
_lCCODEBUL1
_mBUL
_p00.00
_r0
_sY
_tBOOK
_u2015-06-24
_xBIBLIOTECA
_PP35
_0COMPRA
_o.STAFF. Colección General
596 _a1
999 _a280.4 W97 1
_wDEWEY
_c27733
_i48561
_d27733
_e2017-5-18
_f2021-11-12
_g5
_lCCODEBUL1
_mBUL
_n5
_r0
_sY
_tBOOK
_u2015-6-24
_xTEOLOGIA
_PP35
_0COMPRA
_o.STAFF. Colección General
980 _81
_gALBERTO SANCHEZ Responsable de Automatización